| 000 | 00749nam a2200289Ia 4500 | ||
|---|---|---|---|
| 005 | 20260324112935.0 | ||
| 008 | 008 260324s9999 xx 000 0 eng d | ||
| 020 | _a9781003010876 | ||
| 037 | _aEBOOK | ||
| 040 | _aCRL | ||
| 040 | _beng | ||
| 040 | _cCRL | ||
| 041 | _2eng | ||
| 041 | _aeng | ||
| 084 | _qCRL | ||
| 100 |
_aNancy B. GutiƩrrez; Michelle Jarney; Michael Kim _91144765 |
||
| 245 | 0 | _aCoaching Education Leaders | |
| 245 | 2 | _bA Culturally Responsive Approach to Transforming Schools and Systems | |
| 260 | _bTaylor and Francis | ||
| 260 | _c2024 | ||
| 365 | _a | ||
| 365 | _b195 | ||
| 856 | _uhttp://www.taylorfrancis.com/books/9781003010876 | ||
| 942 | _cEBOOK | ||
| 999 |
_c1734163 _d1734163 |
||